| 000 | 00446cam a2200181ua 4500 | ||
|---|---|---|---|
| 020 | _cRs. 200.00 | ||
| 041 |
_aeng _h |
||
| 082 |
_a639.8 _bLAW/FU |
||
| 100 | _aLawson, Thomas B . | ||
| 245 | _aFundamentals of aquacultural engineering | ||
| 250 |
_a1 / _b. |
||
| 260 |
_aNew Delhi : _bC B S Publishers & Distributers , _c1997. |
||
| 300 | _a355 ; . | ||
| 365 | _aRs. 200.00 | ||
| 504 | _a | ||
| 942 | _cBK | ||
| 999 |
_c273 _d273 |
||